[Event "Damhusmesterskabet Gruppe A 2013"]
[Site "Rodovre"]
[Date "2013.09.03"]
[Round "1"]
[White "Madsen, Michael Ole"]
[Black "Klifoth, Kurt"]
[Result "0-1"]
[WhiteElo "1977"]
[BlackElo "2168"]
[PlyCount "68"]
[EventDate "2013.??.??"]

1. d4 Nf6 2. Nf3 g6 3. Bf4 Bg7 4. e3 d6 5. h3 O-O 6. Be2 Nbd7 7. O-O b6 8. c4
Bb7 9. Nc3 e6 10. Rc1 Qe7 11. Qc2 e5 12. Bh2 e4 13. Nd2 Rfe8 14. b4 Nh5 15. Nb3
f5 16. Nb5 Ndf6 17. g4 fxg4 18. hxg4 Nxg4 19. Bxg4 Qg5 20. Qe2 Nf6 21. Bf4 Qh4
22. Bg3 Qg5 23. Nxc7 Nxg4 24. Nxa8 Rxa8 25. Kg2 h5 26. Rh1 Rf8 27. Rc3 Rxf2+
28. Qxf2 Nxf2 29. Kxf2 Qf5+ 30. Bf4 Bh6 31. Ke1 Bxf4 32. exf4 e3 33. Rf1 Bg2
34. Rg1 Qb1+ 0-1

[Event "Damhusmesterskabet Gruppe A 2013"]
[Site "Rodovre"]
[Date "2013.09.03"]
[Round "1"]
[White "Edoo, Niels"]
[Black "Pedersen, Kian"]
[Result "1-0"]
[WhiteElo "1826"]
[BlackElo "1830"]
[PlyCount "57"]
[EventDate "2013.??.??"]

1. d4 c5 2. dxc5 Qa5+ 3. Nc3 Qxc5 4. Nf3 Nf6 5. e4 g6 6. Be2 Bg7 7. O-O O-O 8.
h3 d6 9. a3 a6 10. Be3 Qc7 11. Qd2 b5 12. Bh6 Bb7 13. Bxg7 Kxg7 14. Bd3 Nbd7
15. Rfe1 Rab8 16. Bf1 Rfd8 17. Qf4 e5 18. Qg5 h6 19. Qh4 Nc5 20. Bd3 Nh5 21.
Nh2 Nf4 22. Rad1 g5 23. Qg3 f6 24. Ng4 Ncxd3 25. cxd3 d5 26. exd5 Nxd5 27. Nxd5
Bxd5 28. d4 h5 29. dxe5 1-0

[Event "Damhusmesterskabet Gruppe A 2013"]
[Site "Rodovre"]
[Date "2013.09.03"]
[Round "1"]
[White "Schousboe, Steen"]
[Black "Hojgaard, Knud"]
[Result "1/2-1/2"]
[WhiteElo "1941"]
[BlackElo "1772"]
[PlyCount "36"]
[EventDate "2013.??.??"]

1. d4 e6 2. c4 f5 3. Nf3 Nf6 4. Nc3 Bb4 5. Bg5 O-O 6. e3 b6 7. Bd3 Bb7 8. O-O
Bxc3 9. bxc3 Qe8 10. Bxf6 Rxf6 11. Nd2 Nc6 12. e4 Ne7 13. f4 Rh6 14. Rf3 fxe4
15. Bxe4 Bxe4 16. Nxe4 Nf5 17. Qe2 Rg6 18. Re1 Nd6 1/2-1/2

[Event "Damhusmesterskabet Gruppe A 2013"]
[Site "Rodovre"]
[Date "2013.09.17"]
[Round "3"]
[White "Madsen, Michael Ole"]
[Black "Hojgaard, Knud"]
[Result "1-0"]
[WhiteElo "1977"]
[BlackElo "1772"]
[PlyCount "53"]
[EventDate "2013.??.??"]

1. e4 e6 2. d4 d5 3. Nd2 Nf6 4. e5 Nfd7 5. f4 c5 6. c3 Nc6 7. Ndf3 cxd4 8. cxd4
Qb6 9. Ne2 a5 10. Nc3 Be7 11. Na4 Qa7 12. Be3 Bb4+ 13. Kf2 O-O 14. Bd3 f6 15.
a3 Be7 16. Re1 fxe5 17. fxe5 Kh8 18. Kg1 Nb6 19. Ng5 Bxg5 20. Qh5 Bxe3+ 21.
Rxe3 h6 22. Qg6 Kg8 23. Qh7+ Kf7 24. Bg6+ Ke7 25. Qxg7+ Kd8 26. Qxf8+ Kc7 27.
Qd6# 1-0

[Event "Damhusmesterskabet Gruppe A 2013"]
[Site "Rodovre"]
[Date "2013.09.15"]
[Round "3"]
[White "Edoo, Niels"]
[Black "Klifoth, Kurt"]
[Result "1/2-1/2"]
[WhiteElo "1826"]
[BlackElo "2168"]
[PlyCount "105"]
[EventDate "2013.??.??"]

1. Nf3 c5 2. c4 Nc6 3. Nc3 Nf6 4. e4 d6 5. d4 cxd4 6. Nxd4 e5 7. Nc2 Be7 8. Be2
Be6 9. O-O O-O 10. Be3 Nd7 11. Nd5 Bg5 12. Qd2 Bxe3 13. Ndxe3 Nf6 14. f3 Nh5
15. Nd5 Bxd5 16. cxd5 Ne7 17. g3 Nf6 18. Rfc1 Qb6+ 19. Kg2 Rfc8 20. Ne3 Ne8 21.
Nc4 Qd8 22. Qb4 f5 23. Ne3 f4 24. Nc4 h5 25. b3 b6 26. Nb2 Ng6 27. Bb5 Rxc1 28.
Rxc1 fxg3 29. hxg3 Qg5 30. Rh1 Rc8 31. Nc4 h4 32. g4 Nf4+ 33. Kf1 Nd3 34. Qc3
Nc5 35. Bxe8 Rxe8 36. Nxd6 Rf8 37. Nf5 g6 38. Nxh4 Nxe4 39. Qc6 Ng3+ 40. Kg2
Nxh1 41. Nxg6 Qd2+ 42. Kxh1 Qe1+ 43. Kg2 Qe2+ 44. Kg1 Qe3+ 45. Kh2 Qf2+ 46. Kh1
Qxf3+ 47. Kh2 Qf2+ 48. Kh1 Qf1+ 49. Kh2 Qe2+ 50. Kh3 Qe3+ 51. Kh4 Qh6+ 52. Kg3
Qe3+ 53. Kh4 1/2-1/2

[Event "Damhusmesterskabet Gruppe A 2013"]
[Site "Rodovre"]
[Date "2013.09.24"]
[Round "4"]
[White "Klifoth, Kurt"]
[Black "Pedersen, Kian"]
[Result "1-0"]
[WhiteElo "2168"]
[BlackElo "1830"]
[PlyCount "63"]
[EventDate "2013.??.??"]

1. c4 c5 2. Nf3 Nc6 3. d4 cxd4 4. Nxd4 g6 5. e4 Bg7 6. Be3 d6 7. Nc3 Nf6 8. f3
Bd7 9. Qd2 Rc8 10. Be2 Ne5 11. b3 Qa5 12. O-O O-O 13. Nd5 Qd8 14. Rac1 Ne8 15.
Nb5 Bxb5 16. cxb5 Rxc1 17. Rxc1 e6 18. Nb4 Qb8 19. Qc2 Nd7 20. Qc8 Qxc8 21.
Rxc8 Nc5 22. Nd3 b6 23. Nxc5 dxc5 24. Ra8 Nd6 25. Rxa7 Rd8 26. Ra6 Bd4 27. Bxd4
cxd4 28. Rxb6 d3 29. Bxd3 Nc8 30. Rb8 Rxd3 31. Rxc8+ Kg7 32. b6 1-0

[Event "Damhusmesterskabet Gruppe A 2013"]
[Site "Rodovre"]
[Date "2013.09.24"]
[Round "4"]
[White "Hojgaard, Knud"]
[Black "Lergren, Ole"]
[Result "0-1"]
[WhiteElo "1772"]
[BlackElo "1732"]
[PlyCount "138"]
[EventDate "2013.??.??"]

1. d4 d5 2. c4 c6 3. cxd5 cxd5 4. Nf3 f5 5. Nc3 Nf6 6. Bf4 Nc6 7. e3 e6 8. Bd3
Bb4 9. O-O a6 10. Rc1 O-O 11. a3 Bd6 12. Na4 Bxf4 13. exf4 Ne4 14. g3 Bd7 15.
Nc5 Nxc5 16. Rxc5 Qf6 17. Ne5 Be8 18. Nxc6 Bxc6 19. Be2 Rac8 20. Qd2 b6 21. Rc3
Bb7 22. Rfc1 Rxc3 23. Rxc3 Rc8 24. Rxc8+ Bxc8 25. Qc3 Qd8 26. Qc6 b5 27. b4 Qd7
28. Qc5 Kf7 29. Kg2 Bb7 30. Kf3 Qc6 31. Ke3 h6 32. h4 Qd7 33. Bh5+ g6 34. Bd1
Bc6 35. Bb3 Kg7 36. Qc2 Qe8 37. Qc5 Bd7 38. Bd1 Kf6 39. Kd3 g5 40. hxg5+ hxg5
41. fxg5+ Kxg5 42. Qd6 Bc8 43. Bf3 Bb7 44. Qc7 Qg6 45. Qe7+ Kh6 46. Qh4+ Kg7
47. Bh5 Qf6 48. Qf4 Qe7 49. Qe5+ Kg8 50. Bg6 Bc8 51. Bxf5 Qf7 52. Bg4 Qg6+ 53.
Bf5 Qxf5+ 54. Qxf5 exf5 55. Ke3 Kf7 56. Kf4 Kf6 57. f3 Bd7 58. Ke3 Be8 59. Kf4
Bh5 60. Ke3 Kg5 61. Kf2 f4 62. g4 Bg6 63. Kg2 Kh4 64. Kh2 Bc2 65. Kg2 Bd1 66.
Kf2 Kh3 67. g5 Bc2 68. Ke2 Kh4 69. Kd2 Bg6 0-1

[Event "Damhusmesterskabet Gruppe A 2013"]
[Site "Rodovre"]
[Date "2013.10.01"]
[Round "5"]
[White "Lergren, Ole"]
[Black "Klifoth, Kurt"]
[Result "0-1"]
[WhiteElo "1732"]
[BlackElo "2168"]
[PlyCount "90"]
[EventDate "2013.??.??"]

1. d4 Nf6 2. f4 g6 3. Nf3 Bg7 4. e3 d6 5. Be2 O-O 6. O-O Nbd7 7. Bd2 c5 8. c3
b6 9. Na3 Bb7 10. Be1 e5 11. fxe5 dxe5 12. dxe5 Ng4 13. Bh4 Qc8 14. Qd2 Ndxe5
15. Rad1 Bh6 16. Nc2 Re8 17. Nxe5 Nxe5 18. Qd6 Re6 19. Qd2 Be4 20. Na3 Qb7 21.
Rf2 Bc6 22. Nc2 Rae8 23. Bg3 b5 24. Rdf1 f5 25. Bf4 Bg7 26. g4 Nxg4 27. Bxg4
fxg4 28. Bg3 Bf3 29. Bf4 Qb6 30. Ne1 Rd8 31. Qc2 Be4 32. Qe2 h5 33. Bg5 Rd7 34.
Rf4 c4 35. Qf2 Bf5 36. Ng2 Qd6 37. Nh4 Bd3 38. Rd1 Be5 39. Rd4 Bxd4 40. cxd4
Rf7 41. Bf4 Qd5 42. Qg3 g5 43. Be5 gxh4 44. Qxh4 Rxe5 45. dxe5 Qxe5 0-1

[Event "Damhusmesterskabet Gruppe A 2013"]
[Site "Rodovre"]
[Date "2013.10.22"]
[Round "7"]
[White "Klifoth, Kurt"]
[Black "Schousboe, Steen"]
[Result "1-0"]
[WhiteElo "2168"]
[BlackElo "1941"]
[PlyCount "53"]
[EventDate "2013.??.??"]

1. e4 e6 2. d3 d5 3. Nd2 Nf6 4. g3 dxe4 5. dxe4 Nc6 6. Bg2 e5 7. Ngf3 Be7 8.
O-O O-O 9. Qe2 Bg4 10. c3 Qc8 11. Nc4 Nd7 12. Ne3 Be6 13. b4 a6 14. Nf5 b5 15.
Re1 Qe8 16. Ng5 Bxg5 17. Bxg5 f6 18. Be3 Rb8 19. a4 Ne7 20. axb5 axb5 21. Ra7
Nxf5 22. exf5 Bc4 23. Qg4 Qc8 24. Qe4 Nb6 25. Qc6 Rf7 26. Rd1 Na4 27. Rxa4 1-0

[Event "Damhusmesterskabet Gruppe A 2013"]
[Site "Rodovre"]
[Date "2013.10.22"]
[Round "7"]
[White "Lergren, Ole"]
[Black "Madsen, Michael Ole"]
[Result "0-1"]
[WhiteElo "1732"]
[BlackElo "1977"]
[PlyCount "134"]
[EventDate "2013.??.??"]

1. d4 d5 2. f4 Bf5 3. Nf3 Nf6 4. e3 e6 5. Bd3 Bxd3 6. Qxd3 Nbd7 7. O-O Be7 8.
Bd2 O-O 9. Be1 Ne4 10. Nbd2 Nxd2 11. Qxd2 c5 12. c3 Qa5 13. Qe2 Rac8 14. Ne5
Nb6 15. b3 cxd4 16. cxd4 Qa6 17. Qxa6 bxa6 18. Ba5 Na8 19. Rac1 Ba3 20. Rc6 f6
21. Rxe6 fxe5 22. Rxe5 Rfe8 23. Rxd5 Rxe3 24. Rd7 Re2 25. Rxa7 Rxa2 26. Re1 Bb2
27. Rxa6 Bxd4+ 28. Kh1 Bc3 29. Rxa8 Rxa8 30. Bxc3 Rc2 31. Be5 Raa2 32. Rg1 Ra3
33. b4 Rb3 34. Rd1 Rxb4 35. Rd8+ Kf7 36. h3 Rb7 37. Rh8 h6 38. Rd8 Ra7 39. Rd3
g6 40. Rg3 Rd7 41. Kh2 Rc8 42. Rf3 Rd5 43. g4 Rcd8 44. Kg3 Rd3 45. h4 Rxf3+ 46.
Kxf3 Rd3+ 47. Kg2 h5 48. gxh5 gxh5 49. Bc7 Kg6 50. Bb6 Kf5 51. Bf2 Kxf4 52. Be1
Rd1 53. Bb4 Rd7 54. Bc3 Rd6 55. Be1 Kg4 56. Kh2 Kf3 57. Bc3 Re6 58. Kh3 Rc6 59.
Bd2 Rb6 60. Bg5 Rb1 61. Kh2 Re1 62. Bd8 Kg4 63. Kg2 Re2+ 64. Kf1 Kf3 65. Bg5
Re6 66. Bd2 Rb6 67. Be1 Rb1 0-1